A new corporate body? (Record no. 60551)
[ view plain ]
| 000 -LEADER | |
|---|---|
| fixed length control field | 00748cam a2200181 4500 |
| 001 - CONTROL NUMBER | |
| control field | ABS60887 |
| 008 - FIXED-LENGTH DATA ELEMENTS--GENERAL INFORMATION | |
| fixed length control field | 000000n1999 000 0 eng u |
| 035 ## - SYSTEM CONTROL NUMBER | |
| System control number | (Sirsi) u101408 |
| 100 ## - MAIN ENTRY--PERSONAL NAME | |
| Personal name | Leitch, J. |
| 245 #2 - TITLE STATEMENT | |
| Title | A new corporate body? |
| 260 ## - PUBLICATION, DISTRIBUTION, ETC. | |
| Date of publication, distribution, etc. | 1999 |
| 490 ## - SERIES STATEMENT | |
| Series statement | Contract Journal |
| Volume/sequential designation | 399(6233) 7 July 1999, 16-17(2) |
| 520 ## - SUMMARY, ETC. | |
| Summary, etc. | Introduces the concept of 'virtual companies' where different types of company work together using common systems to achieve the same goal. The idea is a development of supply chain management, which many in the construction industry see as the way ahead. |
| 650 ## - SUBJECT ADDED ENTRY--TOPICAL TERM | |
| Topical term or geographic name entry element | SUPPLY CHAIN MANAGEMENT |
| 650 ## - SUBJECT ADDED ENTRY--TOPICAL TERM | |
| Topical term or geographic name entry element | MANAGEMENT-BUSINESS MANAGEMENT |
| 690 ## - LOCAL SUBJECT ADDED ENTRY--TOPICAL TERM (OCLC, RLIN) | |
| Topical term or geographic name as entry element | BUILT ENVIRONMENT-BUILDING CONTRACT FORMS |
| 942 ## - ADDED ENTRY ELEMENTS (KOHA) | |
| Suppress in OPAC | 0 |
| Withdrawn status | Lost status | Source of classification or shelving scheme | Damaged status | Not for loan | Home library | Current library | Shelving location | Date acquired | Total Checkouts | Full call number | Barcode | Date last seen | Copy number | Price effective from | Koha item type |
|---|---|---|---|---|---|---|---|---|---|---|---|---|---|---|---|
| Dewey Decimal Classification | London | London | Journal article | 04/11/1999 | ABS60887 | 101408-1001 | 06/08/2019 | 1 | 06/08/2019 | Journal article |